000 00502ntaaa2200193 4500
003 01
005 20251027202347.0
008 0714s1973 ag 01
040 _aAR-BaBN
_bspa
_cAR-BaBN
_eaacr
_dRIC
082 _a301.1520 H63
100 _aHites, Robert W
_922265
245 _aThe act of becoming
250 _a1 ed.
260 _aNew York :
_bAbingdon Press,
_cc1965
300 _a142 p
500 _aComo usar grupos dinámicos en la enseñanza
650 _agrupos-dinámicos
_9403
942 _cBK
999 _c18473
_d18473